| 000 | 00945cam a22002535a 4500 | ||
|---|---|---|---|
| 005 | 20091103014612.0 | ||
| 008 | 090911s2009 ii ab b 100 0 eng d | ||
| 010 | _aENG-95348 | ||
| 020 |
_a9788131306758 _c895.00 |
||
| 035 | _aEN-78881 | ||
| 037 | _aDBAD/PUB | ||
| 040 |
_aDPL _beng |
||
| 100 | _aKannan,N. | ||
| 245 |
_aGlobalisation _cby N. Kannan |
||
| 260 |
_aNew Delhi : _bAPH Publishing Corporation _c2010 |
||
| 270 |
_a4435-36/7. Ansari road, Darya Ganj _bNew Delhi _e110002 |
||
| 300 |
_a 242p. _c22 cm. (Hb) |
||
| 520 | _aContributed articles. | ||
| 610 | _aCollege of Fort St. George (Madras, India) | ||
| 651 |
_aMadras (India) _xIntellectual life _y19th century. |
||
| 942 |
_2ddc _cEN _mKAN |
||
| 999 |
_c31438 _d31438 |
||